000 00500cam a2200157 4500500
005 20260405004338.0
041 _afre
042 _adc
100 1 0 _aCosta, François
_eauthor
700 1 0 _aRojat, Gérard
_eauthor
245 0 0 _aEMC in power electronics
260 _c2026.
500 _a21
786 0 _nConversion of electrical energy | - | 2026-03-05 | p. 21-21
856 4 1 _uhttps://stm.cairn.info/electromagnetic-compatibility--bdti42705210-d3290-page-21?lang=en&redirect-ssocas=7080
999 _c2075984
_d2075984